000 00673nam a22001815i 4500
001 162589
003 ES-MaACL
005 20250729063236.0
008 000103s1848 sp a |||| | spa d
040 _aCCPB | B
_bspa
_cCCPB | B
080 _a821.134.2-31"18"
100 1 _aPríncipe, Miguel Agustín,
_d1811-1863
_9131397
245 1 3 _aLa casa de Pero-Hernandez
_b: leyenda española adornada con grabados /
_cpor Miguel Agustin Príncipe.
260 _aMadrid :
_b[s.n.],
_c1848 (
_fImprenta de Baltasar Gonzalez)
300 _aXVI, 440 p. :
_bil. ;
_c16 cm.
852 _aES-MaACL
_jD-1631
_z-- Rust.
_z.- Legado M. de la Fuente
999 _c162589
_d162589